000 00528nab a2200205 4500
001 244442
003 OSt
005 20250717082352.0
007 tu
008 200917s2020|||||||
040 _aDE-2950
_cDE-2950
245 0 0 _aGedenktafel für Michael Lienau eingeweiht
_chk
264 _c2024
653 _aFrankfurt (Oder)
653 _aNetzwerkstatt
653 _aMichael Lienau
653 _aGedenktafel
773 0 _g36. Jahrgang (2025) Nr. 163 vom 16.07.2025, S. 13 mit Foto
_tMärkische Oderzeitung
942 _2z
_cA
999 _c373895
_d373895